Statistiques concernant Table de multiplication 20 x 20 en 5 minutes

Cliquez ici pour prendre le quiz!

Statistiques générales

  • Ce quiz a été pris 6 028 fois
  • Le résultat moyen est 312 sur 400

Statistiques - réponses

#% Correct
1
100%
10
100%
2
100%
3
100%
4
100%
5
100%
6
100%
7
100%
8
100%
9
100%
11
99%
12
99%
13
99%
14
99%
15
99%
16
99%
18
99%
20
99%
17
98%
19
98%
22
98%
24
98%
28
98%
30
98%
36
98%
40
98%
21
97%
26
97%
32
97%
25
96%
27
96%
33
96%
34
96%
45
96%
50
96%
60
96%
100
95%
35
95%
38
95%
42
95%
44
95%
70
95%
80
95%
48
94%
55
94%
90
94%
54
93%
39
92%
56
92%
120
91%
64
91%
66
91%
72
91%
65
90%
75
90%
140
89%
49
89%
52
89%
77
88%
85
88%
95
88%
160
87%
57
87%
88
87%
110
86%
180
86%
51
86%
63
86%
68
86%
76
85%
99
85%
78
83%
84
83%
96
82%
150
81%
81
81%
130
80%
200
79%
108
78%
170
77%
220
77%
102
76%
190
76%
105
75%
114
75%
240
73%
91
73%
98
73%
400
72%
112
71%
121
71%
300
71%
260
70%
280
69%
126
68%
104
67%
320
67%
132
66%
144
66%
340
66%
360
66%
119
65%
135
65%
380
65%
117
63%
133
63%
165
63%
128
61%
143
61%
154
60%
136
59%
152
58%
176
56%
153
54%
162
54%
171
54%
187
54%
198
53%
209
50%
156
48%
210
47%
168
44%
195
41%
192
40%
169
38%
204
38%
216
36%
228
36%
225
35%
270
33%
182
32%
255
30%
285
30%
196
28%
208
28%
221
26%
224
26%
234
26%
247
26%
266
22%
238
21%
252
20%
256
19%
304
18%
288
16%
323
16%
272
15%
361
15%
342
14%
289
13%
306
13%
324
12%

Distribution des résultats

Percentile par nombre de réponses

% des personnes avec chaque résultat

Votre développement - résultats

Vous n’avez pas pris ce quiz